000 00637nam a2200193Ii 4500
003 JO-AjNU
008 230605s9999||||xx |||||||||||||| ||und||
040 _aJO-AjNU
_bara
_erda
_cJO-AjNU
041 _aara
050 1 4 _aJC585.2013
100 3 _aد،م,
_eauthor
_953068
245 0 0 _aحقوق الإنسان في القانون الدولي : عرض وتطبيق
264 3 1 _aالبحرين : جامعة البحرين ، 2013
300 _a197ص
336 _atext
_btxt
_2rdacontent
337 _aunmediated
_bn
_2rdamedia
338 _avolume
_bnc
_2rdacarrier
650 4 _aحقوق الإنسان (قانون دولي) 
_953069
999 _aA23546
_c27114
_d27114